000 01584nam a2200217Ia 4500
003 Ost
005 20260507075602.0
008 260507s9999||||xx |||||||||||||| ||und||
040 _cfsecg
041 _aara
082 _a600
100 _aميجس، فالتر
_eمؤلف
245 0 _aالمحاسبة المالية /
_c فالتر ميجس
260 _aالرياض:
_bدار المريخ للنشر و التوزيع,
_c2005
300 _a1091 صفحة؛
_bإيضاحات ؛
520 _aالمحاسبة لغة الاعمال, تسجيل التغيرات في المركز المالي, قياس دخل الاعمال, استكمال الدورة المحاسبية, المحاسبة عن مشترياتو مبيعات البضاعة, النظم المحاسبية اليدوية و الالكترونية اضافة الى النقدية و الاوراق المالية, المحاسبة عن حسابات المدينين و الدائنين, المحاسبة عن المخزون, المحاسبة عن العقارات و المعدات, الاشكال القانونية لتنظيمات الاعمال و كذا الامحاسبة في الشركات, السندات - عقود الايجار, المبادئ و المفاهيم المحاسبية, قائمة التغيرات في المركز المالي و في الاخير تحليل و تفسير القوائم المالية.
653 _aالاحصاء التحليلي
653 _aالمحاسبة التحليلية
700 _aميجس، روبيرت
_eمؤلف ثانوي
942 _cكتاب
999 _c45015
_d45015